Gminy w powiecie wrocławskim - Statystyki

Ogólne statystyki
  • Ten quiz został rozwiązany 237 razy
  • Średni wynik to 5 z 9
Statystyki odpowiedzi
Typ Gmina % Poprawnych
Wiejsko-miejska Kąty Wrocławskie
82%
Wiejska Kobierzyce
72%
Wiejska Długołęka
70%
Wiejsko-miejska Siechnice
70%
Wiejsko-miejska Sobótka
58%
Wiejska Żórawina
53%
Wiejska Czernica
47%
Wiejska Mietków
40%
Wiejska Jordanów Śląski
39%
Nie znaleziono quizów pasujących do podanych kryteriów
Rozkład punktacji
Procent ludzi z każdym wynikiem
Percentyl według liczby udzielonych odpowiedzi
Twoja historia wyników
Nie rozwiązałeś tego quizu